Toutes les nationalités passées aux Girondins de Bordeaux - Statistiques

Statistiques générales
  • Ce quiz a été pris 192 fois
  • Le résultat moyen est 37 sur 56
Statistiques - réponses
Nombre de joueurs Réponse % Correct
485 France
99%
22 Espagne
97%
8 Algérie
96%
9 Maroc
94%
8 Allemagne
93%
24 Brésil
93%
11 Argentine
92%
2 Italie
92%
9 Portugal
91%
10 Sénégal
90%
1 Angleterre
88%
5 Suède
88%
2 Tunisie
86%
1 Norvège
84%
8 Pays-Bas
84%
2 Russie
84%
2 Suisse
84%
4 Belgique
82%
6 Pologne
79%
7 Danemark
77%
1 Niger
76%
1 Corée du Sud
75%
1 Ukraine
75%
4 Mali
74%
3 Serbie
74%
1 Croatie
73%
1 République Démocratique du Congo
73%
6 Côte d'Ivoire
72%
7 Cameroun
69%
1 Grèce
68%
4 Nigeria
68%
2 Tchéquie
67%
1 Roumanie
66%
1 Autriche
65%
4 Uruguay
64%
1 Uruguay
64%
2 Slovénie
63%
1 Colombie
59%
3 Gabon
57%
4 Hongrie
57%
4 Guinée
53%
2 Togo
49%
2 Bosnie-Herzégovine
48%
1 Luxembourg
46%
1 Ghana
44%
1 Islande
44%
1 Géorgie
41%
Paraguay
41%
1 Honduras
40%
3 Bénin
38%
2 Tchad
31%
1 Mozambique
28%
1 Guinée Équatoriale
26%
8 Yougoslavie
26%
1 Haïti
25%
1 Irlande du Nord
21%
Aucun quiz correspondant
Distribution des résultats
% des personnes avec chaque résultat
Percentile par nombre de réponses
Votre historique - résultats
Vous n’avez pas pris ce quiz